[Event "OLNO 2324 SC Kreuzberg - SK König Tegel"]
[Site "?"]
[Date "2023.11.19"]
[Round "2.2"]
[White "Dubessay, Bastien"]
[Black "Rietze, Clemens"]
[Result "0-1"]
[WhiteElo "2270"]
[BlackElo "2325"]
[PlyCount "178"]
[EventDate "2023.??.??"]

1. e4 c5 2. Nc3 Nc6 3. Bb5 Nd4 4. Nf3 e6 5. O-O a6 6. Bd3 Nc6 7. Nd5 g6 8. c3 Bg7 9. Re1 d6 10. Ne3 Nge7 11. Bc2 e5 12. b4 cxb4 13. Bb3 O-O 14. cxb4 Nxb4 15. d4 exd4 16. Nxd4 Nec6 17. Bb2 Ne5 18. Bc3 Nbd3 19. Rf1 Nc5 20. Bc2 Qh4 21. f3 Be6 22. Nxe6 Nxe6 23. Nd5 Rac8 24. Rb1 b5 25. g3 Qd8 26. f4 Nc6 27. Bxg7 Kxg7 28. f5 Ned4 29. Ne7 Nxe7 30. f6+ Kg8 31. Qxd4 Rxc2 32. Qe3 Kh8 33. Qh6 Rg8 34. Rf4 g5 35. fxe7 Qxe7 36. Qf6+ Qxf6 37. Rxf6 Kg7 38. Rbf1 Rf8 39. a4 Rc1 40. axb5 Rxf1+ 41. Rxf1 axb5 42. Rf5 Rb8 43. Rxg5+ Kf6 44. Rd5 b4 45. Kf2 b3 46. Rd1 b2 47. Rb1 Ke5 48. Ke3 Rb3+ 49. Kd2 Kxe4 50. Kc2 Rb7 51. Re1+ Kd4 52. Kb1 d5 53. Re8 Kc3 54. Rc8+ Kd3 55. Rh8 Re7 56. Kxb2 d4 57. Rd8 Re2+ 58. Kc1 Rxh2 59. Rd7 Rf2 60. g4 Rf1+ 61. Kb2 Ke3 62. Kc2 Rf2+ 63. Kd1 f6 64. Re7+ Kd3 65. Ke1 Rh2 66. Re6 Rh6 67. Re7 Rh1+ 68. Kf2 Kc3 69. Re6 d3 70. Rc6+ Kd2 71. Rxf6 Kd1 72. Rf7 d2 73. Rc7 Rh6 74. g5 Rg6 75. Rc5 Rg7 76. Kf1 Rf7+ 77. Kg2 Rf4 78. Kg3 Rf7 79. Kg2 Rf4 80. Kg3 Ke2 81. Re5+ Kf1 82. Rd5 Rf2 83. Rd7 Ke1 84. Re7+ Re2 85. Rxh7 Re4 86. Rh1+ Ke2 87. g6 d1=Q 88. Rxd1 Kxd1 89. Kf3 Re6 0-1

[Event "OLNO 2324 SC Kreuzberg - SK König Tegel"]
[Site "?"]
[Date "2023.11.19"]
[Round "2.3"]
[White "Rabiega, Robert"]
[Black "Maetzkow, Maximilian Paul"]
[Result "1/2-1/2"]
[WhiteElo "2467"]
[BlackElo "2231"]
[PlyCount "64"]
[EventDate "2023.??.??"]

1. e4 c5 2. c3 Nf6 3. e5 Nd5 4. Nf3 d6 5. exd6 e6 6. d4 cxd4 7. cxd4 Bxd6 8. Nc3 O-O 9. Bd3 h6 10. O-O b6 11. Qe2 Nxc3 12. bxc3 Bb7 13. c4 Nd7 14. Bb2 Rc8 15. Rac1 Re8 16. Rfe1 Qf6 17. d5 e5 18. Nd2 Nc5 19. Ne4 Nxe4 20. Qxe4 g6 21. Re3 Re7 22. Rf3 Qg7 23. Qh4 Bxd5 24. Rg3 Bb7 25. Rd1 Bc5 26. Bc1 e4 27. Bf1 h5 28. Be3 Rcc7 29. Bxc5 bxc5 30. Rd8+ Kh7 31. Rg5 Re5 32. Qg3 Rce7 1/2-1/2

[Event "OLNO 2324 SC Kreuzberg - SK König Tegel"]
[Site "?"]
[Date "2023.11.19"]
[Round "2.4"]
[White "Matthes, Aaron"]
[Black "Richter, Michael"]
[Result "1/2-1/2"]
[WhiteElo "2201"]
[BlackElo "2432"]
[PlyCount "97"]
[EventDate "2023.??.??"]

1. c4 e6 2. g3 d5 3. Bg2 Nf6 4. Nf3 Be7 5. O-O O-O 6. d4 dxc4 7. Ne5 Nc6 8. Nxc6 bxc6 9. Na3 Bxa3 10. bxa3 Nd5 11. Qa4 Nb6 12. Qxc6 Rb8 13. Qc5 Bb7 14. e4 Qd6 15. Bf4 Qxc5 16. dxc5 Na4 17. Rfc1 Ba6 18. Bf1 Nxc5 19. Bxc4 Rfc8 20. Be3 Bxc4 21. Rxc4 Nd7 22. Bxa7 Ra8 23. Be3 Rxa3 24. Rd1 Nf8 25. Rd2 Ra6 26. a4 f6 27. Ra2 Nd7 28. Rb2 Ne5 29. Rcb4 g5 30. Bd4 Nf3+ 31. Kg2 g4 32. h3 e5 33. Be3 h5 34. hxg4 hxg4 35. Rc4 Kf7 36. Rb1 Ke6 37. Rh1 Rd6 38. Rcc1 Ra6 39. Rh7 c5 40. Bxc5 Re8 41. Be3 Nd4 42. Rc4 Rea8 43. Rb4 Rd8 44. a5 Rxa5 45. Rg7 Nc2 46. Rb3 Ne1+ 47. Kf1 Nf3 48. Kg2 Ne1+ 49. Kf1 1/2-1/2

[Event "OLNO 2324 SC Kreuzberg - SK König Tegel"]
[Site "?"]
[Date "2023.11.19"]
[Round "2.5"]
[White "Sarbok, Torsten"]
[Black "Groetzbach, Julian"]
[Result "1/2-1/2"]
[WhiteElo "2334"]
[BlackElo "2245"]
[PlyCount "107"]
[EventDate "2023.??.??"]

1. e4 e5 2. Nf3 Nc6 3. Bb5 a6 4. Ba4 d6 5. O-O Bd7 6. c3 g6 7. d4 Bg7 8. Bg5 Nf6 9. dxe5 Nxe5 10. Nxe5 dxe5 11. f3 Bxa4 12. Qxa4+ Qd7 13. Qb3 Qc6 14. Na3 O-O 15. Rfd1 Nd7 16. Rd2 Nc5 17. Qd5 Qxd5 18. Rxd5 Ne6 19. Bh4 f6 20. Nc4 Rfd8 21. Rad1 Rxd5 22. exd5 Rd8 23. Kf1 Kf8 24. Ne3 Nc5 25. b3 Kf7 26. Nc4 Rd7 27. Bf2 Bf8 28. Ke2 b6 29. Nb2 Nb7 30. c4 a5 31. Nd3 Rd8 32. Be3 Re8 33. Kd2 Rd8 34. Kc2 Be7 35. Kb2 Ke8 36. Bf2 Kd7 37. Kc3 Bd6 38. Re1 Re8 39. Bg3 Nc5 40. Re2 Nxd3 41. Kxd3 a4 42. Bh4 g5 43. Be1 axb3 44. axb3 Ra8 45. h4 h6 46. hxg5 hxg5 47. Ke4 Ra1 48. Bc3 Rb1 49. Bb2 Ke7 50. Kd3 Bb4 51. Kc2 Rf1 52. Kd3 Rb1 53. Kc2 Rf1 54. Kd3 1/2-1/2

[Event "OLNO 2324 SC Kreuzberg - SK König Tegel"]
[Site "?"]
[Date "2023.11.19"]
[Round "2.6"]
[White "Moritz, Aron"]
[Black "Von Herman, Ulf"]
[Result "1-0"]
[WhiteElo "2194"]
[BlackElo "2307"]
[PlyCount "76"]
[EventDate "2023.??.??"]

1. e4 c6 2. d4 d5 3. e5 c5 4. dxc5 e6 5. Nf3 Bxc5 6. a3 Ne7 7. b4 Bb6 8. Bb2 a5 9. b5 a4 10. c4 Nd7 11. cxd5 Nxd5 12. Nbd2 Ba5 13. Bc4 N7b6 14. O-O Bxd2 15. Nxd2 Nxc4 16. Nxc4 O-O 17. Nd6 b6 18. Bd4 Qh4 19. Kh1 Bd7 20. f4 Rfb8 21. f5 Ne7 22. f6 gxf6 23. Rxf6 Be8 24. Qd2 Ng6 25. Raf1 Rd8 26. Qe3 Rd7 27. Bxb6 Kg7 28. Bd4 Rb8 29. b6 Re7 30. Bc5 Bc6 31. Nxf7 Qg4 32. R6f2 Rd7 33. Bd6 Re8 34. Qh6+ Kg8 35. Ng5 Rg7 36. Nxh7 Bxg2+ 37. Rxg2 Qxg2+ 38. Kxg2 Rxh7 1-0

[Event "OLNO 2324 SC Kreuzberg - SK König Tegel"]
[Site "?"]
[Date "2023.11.19"]
[Round "2.7"]
[White "Jahnz, Fabian"]
[Black "Strache, Michael"]
[Result "0-1"]
[WhiteElo "2269"]
[BlackElo "2231"]
[PlyCount "70"]
[EventDate "2023.??.??"]

1. e4 c6 2. Nf3 d5 3. exd5 cxd5 4. Ne5 Nc6 5. d4 Nf6 6. Bb5 Bd7 7. Nxd7 Qxd7 8. c3 a6 9. Bd3 g6 10. O-O Bg7 11. Nd2 O-O 12. f4 Rad8 13. f5 e5 14. dxe5 Nxe5 15. Nb3 Nxd3 16. Qxd3 Ne4 17. Be3 Qc7 18. Bd4 Rfe8 19. Qh3 Rd6 20. Rae1 Qd8 21. Qg4 b5 22. Qf4 Bxd4+ 23. Nxd4 Rf6 24. g4 Qb8 25. Qe3 g5 26. Re2 Rh6 27. Qf3 Rh4 28. Rc1 h5 29. gxh5 f6 30. Ne6 Kf7 31. Rd1 Qe5 32. Qd3 Qxf5 33. Nc7 Rg4+ 34. Kh1 Nf2+ 35. Rxf2 Qxd3 0-1

[Event "OLNO 2324 SC Kreuzberg - SK König Tegel"]
[Site "?"]
[Date "2023.11.19"]
[Round "2.8"]
[White "Dathe, Frederick"]
[Black "Giemsa, Stephan"]
[Result "0-1"]
[WhiteElo "2150"]
[BlackElo "2262"]
[PlyCount "44"]
[EventDate "2023.??.??"]

1. c4 e6 2. Nf3 d5 3. e3 Nf6 4. Nc3 c5 5. cxd5 exd5 6. d4 Nc6 7. Bb5 cxd4 8. Nxd4 Bd7 9. O-O Bd6 10. Nf3 Bg4 11. h3 Bh5 12. g4 Bg6 13. Nd4 O-O 14. Nxc6 bxc6 15. Bxc6 Rc8 16. Bb5 Rxc3 17. bxc3 Ne4 18. f4 Qh4 19. Rf3 Nxc3 20. Qf1 Nxb5 21. Qxb5 Be4 22. Qf1 Qf6 0-1

[Event "OLNO 2324 Mattnetz Berlin - SV Empor Ber"]
[Site "?"]
[Date "2023.11.19"]
[Round "2.1"]
[White "Ivanisevic, Ivan"]
[Black "Hesse, Henrik"]
[Result "1-0"]
[WhiteElo "2543"]
[BlackElo "2333"]
[PlyCount "93"]
[EventDate "2023.??.??"]

1. c4 Nf6 2. Nc3 e6 3. e4 c5 4. e5 Ng8 5. Nf3 Nc6 6. d4 cxd4 7. Nxd4 Nxe5 8. Ndb5 a6 9. Nd6+ Bxd6 10. Qxd6 f6 11. Be3 Nf7 12. Qg3 Ne7 13. Qxg7 Nf5 14. Qg4 Nxe3 15. fxe3 Qb6 16. Qd4 Qxb2 17. Rb1 Qc2 18. Be2 Rg8 19. O-O Qg6 20. g3 f5 21. c5 Qg7 22. Qxg7 Rxg7 23. e4 f4 24. Rxf4 Ke7 25. Na4 Rg5 26. Rbf1 Nd8 27. Rh4 Rg7 28. Nb6 Rb8 29. e5 Nc6 30. Rhf4 Kd8 31. Rf8+ Kc7 32. Rh8 Rg5 33. Rff8 Na7 34. Nc4 Kc6 35. Nd6 Rxe5 36. Nxc8 Kxc5 37. Bf1 Nc6 38. Rxh7 d5 39. Rc7 d4 40. Rf2 Kb4 41. Rxc6 bxc6 42. Rb2+ Kc3 43. Rxb8 Ra5 44. Rb3+ Kc2 45. Bd3+ Kd2 46. Nd6 Rxa2 47. Nc4+ 1-0

[Event "OLNO 2324 Mattnetz Berlin - SV Empor Ber"]
[Site "?"]
[Date "2023.11.19"]
[Round "2.2"]
[White "Tscheuschner, Georg"]
[Black "Milanovic, Danilo"]
[Result "1-0"]
[WhiteElo "2246"]
[BlackElo "2428"]
[PlyCount "56"]
[EventDate "2023.??.??"]

1. c4 e5 2. Nc3 Nc6 3. Nf3 f5 4. g3 Nf6 5. d4 e4 6. Nh4 d6 7. Ng2 Be7 8. Nf4 O-O 9. e3 Nb8 10. Be2 c6 11. h4 Na6 12. b3 Nc7 13. Bb2 Bd7 14. c5 d5 15. b4 g6 16. a4 a6 17. Qb3 Rb8 18. b5 axb5 19. axb5 Nce8 20. Ra7 Ng7 21. h5 g5 22. h6 gxf4 23. hxg7 Kxg7 24. exf4 b6 25. Na4 bxc5 26. dxc5 cxb5 27. Nb6 Be6 28. Qc3 Kf7 1-0

[Event "OLNO 2324 Mattnetz Berlin - SV Empor Ber"]
[Site "?"]
[Date "2023.11.19"]
[Round "2.3"]
[White "Volke, Karsten"]
[Black "Bui, Bao Anh Le"]
[Result "1-0"]
[WhiteElo "2433"]
[BlackElo "2200"]
[PlyCount "105"]
[EventDate "2023.??.??"]

1. Nf3 Nf6 2. g3 c5 3. Bg2 Nc6 4. c4 d5 5. cxd5 Nxd5 6. d4 cxd4 7. Nxd4 Ndb4 8. Nxc6 Qxd1+ 9. Kxd1 Nxc6 10. Bxc6+ bxc6 11. Nc3 e5 12. Be3 Bb4 13. Rc1 Be6 14. a3 Bb3+ 15. Ke1 Bxc3+ 16. Rxc3 Bd5 17. f3 a5 18. Bc5 f5 19. Kf2 Kf7 20. Rg1 h5 21. h4 e4 22. Ke3 Rae8 23. Kf4 Re6 24. Rd1 Rhe8 25. Rd4 Kg6 26. b4 axb4 27. axb4 exf3 28. exf3 Rf6 29. b5 Rf7 30. b6 Re2 31. Rb4 Rb7 32. Ra3 Rc2 33. Bd6 c5 34. Rb5 Kf6 35. Rxc5 Rxc5 36. Bxc5 g6 37. Rd3 Bc6 38. Rd8 Bd7 39. Rf8+ Kg7 40. Ra8 Kf6 41. Bd4+ Kf7 42. Rh8 Bc6 43. Rc8 Bd7 44. Rc3 Ke6 45. Kg5 Kf7 46. Bc5 Bb5 47. Rb3 Bc4 48. Rb4 Bd5 49. Rd4 Bxf3 50. Rd6 Ke8 51. Rxg6 Bg4 52. Be3 Rf7 53. Rg8+ 1-0

[Event "OLNO 2324 Mattnetz Berlin - SV Empor Ber"]
[Site "?"]
[Date "2023.11.19"]
[Round "2.4"]
[White "Petersen, Marcel"]
[Black "Foerster, Jonas"]
[Result "1-0"]
[WhiteElo "2082"]
[BlackElo "2290"]
[PlyCount "49"]
[EventDate "2023.??.??"]

1. e4 d6 2. d4 Nf6 3. Nc3 g6 4. Be3 c6 5. Qd2 Nbd7 6. Nf3 b5 7. e5 b4 8. exf6 bxc3 9. Qxc3 Nxf6 10. Qxc6+ Bd7 11. Qa6 Bg7 12. Be2 Qc7 13. Rc1 Rb8 14. b3 Nd5 15. Bd2 Nb4 16. Qc4 Qxc4 17. Bxc4 Nxa2 18. Ra1 Nb4 19. Bxb4 Rxb4 20. Rxa7 e6 21. d5 Bf6 22. O-O e5 23. Nd2 Bf5 24. g4 Bxg4 25. Ne4 1-0

[Event "OLNO 2324 Mattnetz Berlin - SV Empor Ber"]
[Site "?"]
[Date "2023.11.19"]
[Round "2.5"]
[White "Jahn, Thomas"]
[Black "Fartmann, Oliver"]
[Result "1-0"]
[WhiteElo "2173"]
[BlackElo "2079"]
[PlyCount "51"]
[EventDate "2023.??.??"]

1. e4 c5 2. Nf3 e6 3. d4 cxd4 4. Nxd4 Nc6 5. Nc3 Qc7 6. Be2 Nf6 7. Be3 a6 8. O-O Be7 9. f4 d6 10. Kh1 O-O 11. Nb3 b5 12. a3 Bb7 13. Bd3 b4 14. axb4 Nxb4 15. Na5 d5 16. e5 Ne4 17. Nxb7 Qxb7 18. f5 exf5 19. Rxf5 g6 20. Rf1 Rac8 21. Qf3 f5 22. exf6 Nxc3 23. f7+ Kg7 24. Bd4+ Kh6 25. Qh3+ Kg5 26. Be3# 1-0

[Event "OLNO 2324 Mattnetz Berlin - SV Empor Ber"]
[Site "?"]
[Date "2023.11.19"]
[Round "2.6"]
[White "Pererva, Viktor"]
[Black "Schabe, Felix"]
[Result "1/2-1/2"]
[WhiteElo "2020"]
[BlackElo "1981"]
[PlyCount "96"]
[EventDate "2023.??.??"]

1. d4 Nf6 2. Bf4 d6 3. Nf3 g6 4. c3 Bg7 5. Nbd2 Nh5 6. Bg5 h6 7. Bh4 g5 8. Bg3 Nd7 9. e4 Nf8 10. Bc4 Be6 11. Qb3 Bxc4 12. Nxc4 Nxg3 13. hxg3 d5 14. Na5 dxe4 15. Nxb7 Qc8 16. Ne5 Bxe5 17. dxe5 Nd7 18. e6 fxe6 19. Na5 Qa6 20. Qa4 O-O-O 21. O-O-O Nc5 22. Qc6 Qxc6 23. Rxd8+ Rxd8 24. Nxc6 Nd3+ 25. Kc2 Rd6 26. Nxa7+ Kb7 27. Nb5 Rb6 28. c4 c6 29. Nd4 Rxb2+ 30. Kc3 Rxf2 31. Rxh6 Rxg2 32. Rxe6 Rxg3 33. Rxe7+ Kb6 34. Nf5 Rf3 35. Nd4 Rh3 36. Ne6 Ne5+ 37. Kd4 Ng6 38. c5+ Ka5 39. Ra7+ Kb4 40. Rb7+ Ka3 41. Rb3+ Rxb3 42. axb3 g4 43. Kxe4 Kb4 44. Ke3 Kc3 45. Nd8 Ne5 46. Kf4 Nd3+ 47. Kxg4 Nxc5 48. Nxc6 Nxb3 1/2-1/2

[Event "OLNO 2324 Mattnetz Berlin - SV Empor Ber"]
[Site "?"]
[Date "2023.11.19"]
[Round "2.7"]
[White "Kuebler, Marcus"]
[Black "Pixa, Richard"]
[Result "0-1"]
[WhiteElo "1925"]
[BlackElo "2028"]
[PlyCount "146"]
[EventDate "2023.??.??"]

1. d4 d5 2. Nf3 e6 3. c4 c6 4. g3 Nd7 5. Bg2 dxc4 6. O-O Ngf6 7. Nc3 Bd6 8. e4 e5 9. d5 cxd5 10. exd5 O-O 11. Nd2 Nb6 12. Qe2 Bg4 13. f3 Bf5 14. Nxc4 Nxc4 15. Qxc4 Qb6+ 16. Kh1 Rac8 17. Qb3 Qxb3 18. axb3 a6 19. Bg5 Nd7 20. Ne4 Bb4 21. Rad1 h6 22. Bd2 Bxd2 23. Rxd2 Bxe4 24. fxe4 Nc5 25. b4 Nb3 26. Rd3 Nd4 27. Rc3 Nb5 28. Rcc1 Nd6 29. Rc5 b6 30. Rcc1 Rxc1 31. Rxc1 Rc8 32. Rxc8+ Nxc8 33. Bf1 Nd6 34. Bd3 Kf8 35. Kg2 Ke7 36. Kf3 a5 37. bxa5 bxa5 38. Ke3 Nb7 39. Kd2 Kd6 40. Kc3 Kc5 41. Bc2 Nd6 42. Bd3 g6 43. g4 Ne8 44. Bc2 Nf6 45. h3 Nh7 46. Kb3 Ng5 47. h4 Nf3 48. Ka4 Kb6 49. Bd3 Nxh4 50. Bb5 f5 51. exf5 gxf5 52. gxf5 Nxf5 53. b4 axb4 54. Kxb4 h5 55. Bd7 Nd6 56. Be6 h4 57. Bh3 Ne4 58. Bg2 Ng5 59. d6 h3 60. Bh1 e4 61. Kc4 Kc6 62. Kd4 Kxd6 63. Ke3 Ke5 64. Ke2 Kf4 65. Kf1 Kg3 66. Kg1 Nf3+ 67. Kf1 Kf4 68. Ke2 Nd4+ 69. Kf2 e3+ 70. Ke1 Kg3 71. Kf1 e2+ 72. Ke1 h2 73. Be4 Nf3+ 0-1

[Event "OLNO 2324 Mattnetz Berlin - SV Empor Ber"]
[Site "?"]
[Date "2023.11.19"]
[Round "2.8"]
[White "Muench, Robert"]
[Black "Freude, Max"]
[Result "1/2-1/2"]
[WhiteElo "2023"]
[BlackElo "1895"]
[PlyCount "89"]
[EventDate "2023.??.??"]

1. d4 Nf6 2. g3 d5 3. Bg2 Bf5 4. c4 e6 5. Qb3 Nc6 6. cxd5 exd5 7. Nf3 Nb4 8. Na3 Bd6 9. Bd2 Qe7 10. O-O c6 11. Nh4 Bg6 12. Nxg6 hxg6 13. Nc2 Nxc2 14. Qxc2 O-O 15. Bg5 Rfe8 16. Rfe1 Bb4 17. Bd2 Ne4 18. Bxe4 Bxd2 19. Qxd2 Qxe4 20. b4 g5 21. a4 Rac8 22. Ra3 g4 23. Re3 Qf5 24. Rxe8+ Rxe8 25. b5 cxb5 26. axb5 Rc8 27. Qa5 Qd7 28. Rb1 Rc2 29. Qxa7 Rxe2 30. Qb8+ Kh7 31. Qf4 Qe6 32. Kg2 Re4 33. Qd2 Qf6 34. Rd1 Qf3+ 35. Kg1 Re2 36. Qf4 Qxf4 37. gxf4 Rb2 38. Kg2 f5 39. Re1 Rxb5 40. Re5 Kg6 41. h3 gxh3+ 42. Kxh3 Kf6 43. Kg3 Rb3+ 44. f3 Rb5 45. Kh3 1/2-1/2

[Event "OLNO 2324 SC Empor Potsdam - SF Berlin I"]
[Site "?"]
[Date "2023.11.19"]
[Round "2.1"]
[White "Florstedt, Johannes"]
[Black "Tschernatsch, Johannes"]
[Result "0-1"]
[WhiteElo "2356"]
[BlackElo "2312"]
[PlyCount "84"]
[EventDate "2023.??.??"]

1. e4 c5 2. Nf3 d6 3. d4 cxd4 4. Nxd4 Nf6 5. Nc3 a6 6. Qd3 e6 7. a4 Be7 8. a5 O-O 9. Be2 Nbd7 10. Qg3 Re8 11. O-O Nc5 12. f3 e5 13. Nf5 Bxf5 14. exf5 Qc8 15. Qh3 d5 16. Bg5 Ncd7 17. Bd3 Bb4 18. Qg3 Kh8 19. Bd2 Nc5 20. Qh3 Nxd3 21. cxd3 d4 22. Ne4 Bxd2 23. Nxd2 Qc2 24. Ne4 Qxd3 25. Ra3 Qc2 26. Nxf6 gxf6 27. f4 Rg8 28. fxe5 fxe5 29. f6 Rg6 30. Raf3 e4 31. R3f2 Qc6 32. Rf4 h6 33. Rh4 Kh7 34. Qf5 Kh8 35. Rxe4 d3 36. g3 Rd8 37. Re7 d2 38. Rxf7 d1=Q 39. Rxd1 Rxd1+ 40. Kf2 Rd2+ 41. Ke3 Qd5 42. Rf8+ Kh7 0-1

[Event "OLNO 2324 SC Empor Potsdam - SF Berlin I"]
[Site "?"]
[Date "2023.11.19"]
[Round "2.2"]
[White "Penzold, Andreas"]
[Black "Ahmadinia, Ebrahim"]
[Result "1-0"]
[WhiteElo "2349"]
[BlackElo "2448"]
[PlyCount "137"]
[EventDate "2023.??.??"]

1. c4 c6 2. d4 d5 3. Nf3 Nf6 4. Nc3 dxc4 5. a4 Bf5 6. e3 e6 7. Bxc4 Bb4 8. O-O O-O 9. Qe2 Bg6 10. Ne5 Nbd7 11. Nxg6 hxg6 12. Rd1 Qe7 13. e4 e5 14. d5 Rfd8 15. dxc6 bxc6 16. Bg5 Nf8 17. Rxd8 Rxd8 18. Rd1 Rb8 19. Ba2 Bc5 20. h3 Ne6 21. Bc1 Bd4 22. Qc4 Qc5 23. Qxc5 Nxc5 24. Ne2 Bxb2 25. Be3 Ba3 26. f3 Rb2 27. Rd8+ Kh7 28. Rd2 Rb7 29. a5 Na6 30. Bc4 Bc5 31. Bxc5 Nxc5 32. Rc2 Na4 33. Ra2 Nb2 34. Bxf7 c5 35. a6 Rb6 36. Ra5 Nd7 37. Be8 Nf6 38. Bf7 Nd7 39. Nc3 Nd3 40. Bc4 Nb4 41. Na4 Rd6 42. Nxc5 Rd1+ 43. Kh2 Nb8 44. Ne6 N8c6 45. Rc5 g5 46. Bb5 Rd6 47. Nxg5+ Kg6 48. h4 Kf6 49. Rc4 Nd4 50. Rxb4 Rb6 51. f4 Nxb5 52. fxe5+ Kxe5 53. Nf3+ Kd6 54. Nd4 Nc7 55. Rxb6+ axb6 56. a7 Ke5 57. Nb5 Na8 58. g4 Kxe4 59. h5 Kf4 60. Kh3 Kg5 61. Kg3 g6 62. hxg6 Kxg6 63. Kf4 Kf6 64. g5+ Kg6 65. Kg4 Kg7 66. Kh5 Kh7 67. g6+ Kg7 68. Kg5 Kg8 69. Kh6 1-0

[Event "OLNO 2324 SC Empor Potsdam - SF Berlin I"]
[Site "?"]
[Date "2023.11.19"]
[Round "2.3"]
[White "Poltorak, Sebastian"]
[Black "Schoene, Ralf"]
[Result "1/2-1/2"]
[WhiteElo "2366"]
[BlackElo "2236"]
[PlyCount "64"]
[EventDate "2023.??.??"]

1. d4 Nf6 2. c4 d6 3. Nc3 g6 4. e4 Bg7 5. Be2 O-O 6. Be3 c6 7. h4 h5 8. f3 e5 9. d5 cxd5 10. cxd5 a6 11. Nh3 Bxh3 12. Rxh3 Nbd7 13. b4 Rc8 14. Qb3 Rc7 15. Rh1 Qe7 16. Rc1 Rfc8 17. Kd2 Qf8 18. Na4 Bh6 19. Rxc7 Rxc7 20. Rc1 Rxc1 21. Kxc1 b5 22. Nb2 Nb6 23. Kd2 Nfd7 24. Bxh6 Qxh6+ 25. Qe3 Kg7 26. g3 Qxe3+ 27. Kxe3 Kh6 28. f4 f5 29. fxe5 dxe5 30. Nd1 Nc8 31. Nc3 Nd6 32. Bd3 Nb6 1/2-1/2

[Event "OLNO 2324 SC Empor Potsdam - SF Berlin I"]
[Site "?"]
[Date "2023.11.19"]
[Round "2.4"]
[White "Trenner, Rolf"]
[Black "Polzin, Rainer"]
[Result "0-1"]
[WhiteElo "2124"]
[BlackElo "2406"]
[PlyCount "46"]
[EventDate "2023.??.??"]

1. d4 Nf6 2. c4 g6 3. Nc3 Bg7 4. e4 d6 5. Be2 O-O 6. g4 c5 7. d5 e6 8. g5 Ne8 9. h4 exd5 10. cxd5 Qe7 11. Bf3 Nd7 12. Bg2 f5 13. h5 c4 14. hxg6 hxg6 15. Be3 Ne5 16. Nf3 Nd3+ 17. Kf1 Nxb2 18. Qd2 Nd3 19. exf5 Bxf5 20. Nd4 Qe5 21. Rd1 Bg4 22. Rb1 Nxf2 23. Kg1 Nxh1 0-1

[Event "OLNO 2324 SC Empor Potsdam - SF Berlin I"]
[Site "?"]
[Date "2023.11.19"]
[Round "2.5"]
[White "Thiede, Lars"]
[Black "Bachmann, Volker"]
[Result "1/2-1/2"]
[WhiteElo "2403"]
[BlackElo "2067"]
[PlyCount "124"]
[EventDate "2023.??.??"]

1. Nf3 f5 2. g3 Nf6 3. Bg2 g6 4. O-O Bg7 5. c4 O-O 6. Nc3 d6 7. d3 e5 8. Rb1 Nc6 9. b4 a6 10. a4 h6 11. b5 axb5 12. axb5 Ne7 13. Qb3 Be6 14. Nd2 c6 15. Bb2 g5 16. Ra1 Qd7 17. Rxa8 Rxa8 18. Ra1 Rxa1+ 19. Bxa1 d5 20. bxc6 bxc6 21. Na4 Qc7 22. Bc3 Bf7 23. Qa3 Qa7 24. Bb4 Nc8 25. Bc5 Qa5 26. Bb4 Qa7 27. h3 Nd7 28. cxd5 cxd5 29. Nb3 e4 30. Nac5 Nxc5 31. Qxa7 Nxa7 32. Bxc5 Nb5 33. d4 f4 34. e3 fxe3 35. fxe3 Be8 36. Bb4 Bf8 37. Bxf8 Kxf8 38. Kf2 Ke7 39. Bf1 Nd6 40. Nc5 Bb5 41. Bxb5 Nxb5 42. g4 Nd6 43. Na4 Nc4 44. Nc3 Ke6 45. Ne2 Kf6 46. Ng3 Nd6 47. Ke2 Nc4 48. Nf1 Kg6 49. Nd2 Nd6 50. Kd1 h5 51. Ke2 hxg4 52. hxg4 Ne8 53. Kf2 Nf6 54. Kg3 Kf7 55. Nb1 Ke6 56. Nc3 Kd6 57. Nd1 Kc6 58. Nf2 Kb5 59. Nh3 Nh7 60. Kf2 Kc4 61. Ke2 Kc3 62. Nf2 Nf6 1/2-1/2

[Event "OLNO 2324 SC Empor Potsdam - SF Berlin I"]
[Site "?"]
[Date "2023.11.19"]
[Round "2.6"]
[White "Piersig, Hans-Juergen"]
[Black "Chatzidakis, Mihail"]
[Result "1/2-1/2"]
[WhiteElo "2102"]
[BlackElo "2331"]
[PlyCount "104"]
[EventDate "2023.??.??"]

1. e4 c5 2. Nf3 a6 3. Nc3 b5 4. d4 e6 5. Be3 Qc7 6. dxc5 Bxc5 7. Bxc5 Qxc5 8. Qd4 Qxd4 9. Nxd4 Bb7 10. Bd3 d6 11. a4 b4 12. Na2 Nf6 13. f3 a5 14. Nb5 Ke7 15. Nc1 Nbd7 16. Nb3 Rhc8 17. Kd2 Ne5 18. Rhc1 Nfd7 19. c3 d5 20. cxb4 Nxd3 21. Kxd3 dxe4+ 22. fxe4 axb4 23. Ke3 Nb6 24. Nc5 Bc6 25. Nd3 Nxa4 26. Nd4 Be8 27. b3 Nc3 28. Rxa8 Rxa8 29. Nxb4 Nb5 30. Nxb5 Bxb5 31. Rc7+ Kf6 32. Rb7 Ra5 33. g3 g5 34. h3 Bf1 35. h4 gxh4 36. gxh4 Rh5 37. Nc6 Rxh4 38. Nd8 Rh3+ 39. Kf2 Bd3 40. Rxf7+ Ke5 41. Re7 Bxe4 42. Rxe6+ Kd4 43. b4 Bd5 44. Nc6+ Kc4 45. Rf6 h5 46. Rf4+ Kb5 47. Ne5 h4 48. Nf3 Bxf3 49. Rxf3 Rh2+ 50. Kg1 Rb2 51. Rf4 h3 52. Rh4 Rxb4 1/2-1/2

[Event "OLNO 2324 SC Empor Potsdam - SF Berlin I"]
[Site "?"]
[Date "2023.11.19"]
[Round "2.7"]
[White "Wendt, Jan-Dietrich"]
[Black "Puhlmann, Rainer"]
[Result "1-0"]
[WhiteElo "2273"]
[BlackElo "2085"]
[PlyCount "93"]
[EventDate "2023.??.??"]

1. Nf3 e6 2. c4 Nf6 3. g3 b6 4. Bg2 Bb7 5. O-O Be7 6. Nc3 O-O 7. d4 d6 8. d5 e5 9. e4 Ne8 10. Ne1 Bf6 11. Nd3 Nd7 12. Be3 Nc5 13. b4 Nxd3 14. Qxd3 a5 15. a3 Be7 16. Rac1 axb4 17. axb4 Nf6 18. Ra1 Qd7 19. f3 Rxa1 20. Rxa1 Ra8 21. Rxa8+ Bxa8 22. Nb5 Qc8 23. Qa3 Qb8 24. Nxc7 Bb7 25. Nb5 Qc8 26. Bf1 Nd7 27. Bh3 g6 28. Qa7 Bf8 29. Bxd7 Qxd7 30. Qxb6 f5 31. Qc7 Qxc7 32. Nxc7 fxe4 33. fxe4 Kf7 34. c5 dxc5 35. bxc5 Be7 36. c6 Bc8 37. Kf2 Bb4 38. Bb6 Ke7 39. Ke3 Bh3 40. Kf3 Bf1 41. Ne6 h5 42. Bc5+ Bxc5 43. Nxc5 Kd6 44. Ne6 Bh3 45. Ng5 Bg4+ 46. Ke3 Kc7 47. Kd3 1-0

[Event "OLNO 2324 SC Empor Potsdam - SF Berlin I"]
[Site "?"]
[Date "2023.11.19"]
[Round "2.8"]
[White "Skupin, Christian"]
[Black "Brettschneider, Stefan"]
[Result "0-1"]
[WhiteElo "1998"]
[BlackElo "2267"]
[PlyCount "70"]
[EventDate "2023.??.??"]

1. d4 f5 2. c4 Nf6 3. Nc3 d6 4. g3 g6 5. Bg2 Bg7 6. Nf3 O-O 7. O-O Qe8 8. d5 Na6 9. Rb1 Nc5 10. Nb5 Qd8 11. Nbd4 a5 12. Qc2 Bd7 13. Ng5 Qc8 14. Rd1 c6 15. e3 h6 16. Nh3 g5 17. f4 Nce4 18. Nf2 cxd5 19. cxd5 Qxc2 20. Nxc2 Ba4 21. b3 Nc3 22. bxa4 Nxb1 23. Bb2 Rfc8 24. Nd4 Nc3 25. Nxf5 Nxd1 26. Nxe7+ Kf8 27. Nxc8 Nxb2 28. Nxd6 b6 29. e4 gxf4 30. gxf4 Nh5 31. Nf5 Nxf4 32. Nxg7 Kxg7 33. Bf3 Nbd3 34. Ng4 Rc8 35. h4 Ng6 0-1

[Event "OLNO 2324 SC Weisse Dame - Forster SC 95"]
[Site "?"]
[Date "2023.11.19"]
[Round "2.1"]
[White "Aliavdin, Nikolai"]
[Black "Gelman, Josef"]
[Result "1-0"]
[WhiteElo "2319"]
[BlackElo "2077"]
[PlyCount "83"]
[EventDate "2023.??.??"]

1. e4 e5 2. Nf3 Nc6 3. Bc4 Bc5 4. d3 d6 5. a4 a6 6. Ng5 Nh6 7. h3 O-O 8. Nc3 Qf6 9. Rf1 Be6 10. Nd5 Bxd5 11. Bxd5 Ne7 12. Bb3 Kh8 13. Qh5 Qg6 14. Qh4 Nc6 15. c3 Rae8 16. g4 d5 17. Bxd5 Ne7 18. Bb3 Qd6 19. Bc2 Ng6 20. Qh5 b5 21. Nxh7 Kxh7 22. g5 Nf4 23. Bxf4 exf4 24. gxh6 g6 25. Qf3 f5 26. O-O-O fxe4 27. dxe4 Qe6 28. e5 bxa4 29. Bxa4 Rb8 30. Rd7+ Kh8 31. Qd5 Qxd5 32. Rxd5 Be7 33. Rd7 Rf7 34. Rxc7 Rh7 35. Rd1 Bh4 36. Rxh7+ Kxh7 37. f3 Kxh6 38. Rd6 a5 39. Bc2 Re8 40. Rxg6+ Kh5 41. Rg4 Re6 42. Bf5 1-0